000 00938cam a22002054a 4500
005 20250605164042.0
008 250528s ||||||||||||||||||||||||d
035 _a17013
020 _a745609600
040 _aGR-AtMCL
_bgre
_dGR-AtMCL
_eAACR2
245 1 _aFormations of Modernity
260 _bPolicy Press,
_c1992
300 _a344
520 _aA major introductory textbook offering an account of the important historical processes, institutions and ideas that have shaped the development of modern societies. Preface, Introduction, The Enlightenment and the Birth of Social Science, The Development of the Modern State, The Emergence of the Economy, Changing Social Structures: Class and Gender, The Cultural Formations of Modern Society, The West and the Rest: Discourse and Power, Acknowledgements, Index.
700 1 _aGieben Bram
_93145
700 1 _aHall Stuart
_9686
942 _cBK
999 _c2454
_d2454